01267 2200205 4500001002100000005001500021035002000036008004100056245004100097100001500138250000600153260003800159300001200197084001400209082000800223650001000231520079600241990001201037990001201049INLIS00000000000131720240520020419 a0010-0524000552240520 1 ind 1 aThe Last Day Of My Life /cJim Moret aMoret, Jim a1 aYogyakarta :bSheila/ Andi,c2020 a232 hlm a813 JIM t a813 4aFiksi aJika kau cuma punya satu hari saja yang tersisa apakah kau akan memaafkan orang-orang yang telah begitu menyakitimu? Akankah kau berjuang memperbaiki kesalahan yang pernah kau lakukan pada orang lain? Siapa yang akan kau kenang sebagai cinta sejatimu? Mampukah kau memilih apa yang paling membuatmu merasa benar-benar bersyukur? Jim Moret tidak akan mampu menjawab pertanyaan di atas jika hari itu tidak ada. Hari dimana ia benar-benar ingin mengakhiri hidupnya, ketika waktu yang tersisa hanya satu hari saja. Wartawan veteran ini menyajikan pengalaman hidupnya hingga yang paling intim pada pembaca. Tentang tragedy, tekanan hidup, keraguan, kekhawatiran, dan pilihan terbesar: sekadar hidup atau belajar hidup. jika kau cuma punya satu hari saja yang tersisa, apa yang akan kau lakukan? a0741476 a0741477